Multiple-Choice-Stadtquiz – Berlin - Statistiken

Allgemein
  • Dieses Quiz wurde 66 mal gespielt
  • Das Durchschnittsergebnis liegt bei 9 aus 10
Antwortstatistiken
Frage Antwort % Korrekt
Welches deutsche Bundesland umgibt den Stadtstaat Berlin? Brandenburg
100%
Was ist das Reichstagsgebäude? Der Sitz des Deutschen Bundestages
100%
Wann fiel die Berliner Mauer? 1989
98%
Welche dieser Städte liegt direkt außerhalb Berlins? Potsdam
98%
Die U-Bahn ist Berlins ... Metrosystem
97%
Döner-Sandwiches wurden in Berlin von Einwanderern aus welchem Land populär gemacht? Türkei
97%
John F. Kennedy sagte berühmt „Ich bin ein Berliner“. Was ist ein „Berliner“ außer einer Person aus Berlin? Marmeladenkrapfen
95%
Welcher Fluss fließt durch Berlin? Spree
95%
Berlins Berghain-Club ist als „Welt-Hauptstadt“ für welches Musikgenre bekannt? Techno
93%
Welcher dieser Filme spielt in Berlin? Cabaret
31%
Keine übereinstimmenden Quizze gefunden
Verteilung der Resultate
Anzahl Personen mit jedem Resultat
Perzentil nach korrekt beantworteten Fragen
Ihre Resultats-Entwicklung
Sie haben dieses Quiz noch nicht gespielt